Gambia-visa - Statistics

Yleistilastot
  • Tätä visaa on pelattu 259 kertaa
  • Keskiarvotulos 8 / 16
Vastaustilastot
Vihje Vastaus % Oikein
Ainoa naapurimaa Senegal
93%
Virallinen kieli Englanti
92%
Valtio, jonka siirtomaa Gambia oli 1821–1965 Yhdistynyt kuningaskunta
92%
Uskonto, jota valtaosa maan väestöstä harjoittaa Islam
88%
Pääkaupunki Banjul
65%
Joki, jonka ympärillä Gambia sijaitsee Gambia
65%
Gambian kansallisurheilulaji Paini
43%
"Naurava" nisäkäs, joka on Gambian kansalliseläin Täplähyeena
40%
Suuri valtakunta, jonka osa Gambia oli noin 1230–1670 {Malin} kuningaskunta
38%
Tärkeä vientituote, jota viljellään laajalti Maapähkinä
36%
Kolme suurinta etnistä ryhmää Mandinkat
33%
Valuutta Dalasi
30%
Kolme suurinta etnistä ryhmää Fulat
28%
Kolme suurinta etnistä ryhmää Wolofit
26%
Gambian presidentti Adama Barrow
15%
Yllä olevaa ennen 22 vuotta hallinnut diktaattori Yahya Jammeh
14%
Ehtoja vastaavia visoja ei löytynyt
Tulosjakauma
Jokaisen tuloksen saaneiden osuus
Persentiili vastausten määrän mukaan
Tuloshistoriasi
Et ole pelannut tätä visaa